| 000 | 00000nas 2200000zi 4500 |
| 001 | 9.943618 |
| 003 | CaOODSP |
| 005 | 20250429113454 |
| 006 | m o d f |
| 007 | cr ||||||||||| |
| 008 | 240926u1975uuuuonc|x m ot f0###|0eng|d |
| 040 | |aCaOODSP|beng|erda|cCaOODSP |
| 043 | |an-cn--- |
| 086 | 1 |aD68-25E-PDF |
| 130 | 0 |aDCIEM technical report. |
| 245 | 10|aDCIEM technical report. |
| 246 | 1 |aDCIEM TR |
| 264 | 1|aDownsview, Ontario : |bDefence and Civil Institute of Environmental Medicine |
| 310 | |aIrregular |
| 336 | |atext|btxt|2rdacontent |
| 337 | |acomputer|bc|2rdamedia |
| 338 | |aonline resource|bcr|2rdacarrier |
| 515 | |aFormat of issue numbering varies. |
| 588 | |aDescription based on: no. 75-X11 (December 1975); title from PDF cover page. |
| 588 | |aLatest issue consulted: no. 90-TR-23 (April 1990). |
| 650 | 0|aBiomedical engineering|xResearch|zCanada. |
| 650 | 0|aMilitary research|zCanada. |
| 650 | 6|aGénie biomédical|xRecherche|zCanada. |
| 650 | 6|aRecherche militaire|zCanada. |
| 710 | 2 |aDefence and Civil Institute of Environmental Medicine (Canada), |eissuing body. |
| 710 | 1 |aCanada. |bDepartment of National Defence, |eissuing body. |